Cognitive psychology and instruction

Bibliographic Details
Main Author: Bruning, Roger H
Format: Book
Published: Ohio : PearsonEducation,Inc. , 2004
Edition:Fourth edition
Subjects:

MARC

LEADER 00000cam a2200000 7i4500
001 0000090101
005 20050307.0
020 |a 0130947946 
090 0 0 |a 370.1523   |b COG 
100 1 |a Bruning, Roger H 
245 1 0 |a Cognitive psychology and instruction   |c Roger H. Bruning [et...al] 
250 |a Fourth edition 
260 |a Ohio :   |b PearsonEducation,Inc. ,   |c 2004 
300 |a 426p. ;   |c 24cm. 
650 0 0 |a Cognitive learning 
650 0 0 |a Instructional systems   |x Design 
650 0 0 |a Learning 
999 |a 00181433   |b BUKU   |c RUJUKAN   |e PERPUSTAKAAN KOMUNITI PETALING JAYA